000 03357cam a2200421Ia 4500
001 947084262
003 KWIU
005 20241223114834.0
008 160418s2017 paua b 001 0 eng
010 _a 2016018376
016 7 _a101681281
_2DNLM
020 _a9789393553362
_q(hardback)
035 _a(OCoLC)947084262
_z(OCoLC)933420627
_z(OCoLC)980936154
_z(OCoLC)1114423201
_z(OCoLC)1124639726
037 _bLippincott Williams & Wilkins, Attn: Sharon Kimmel 12107 Insurance Way, Hagerstown, MD, USA, 21713
_nSAN 201-0933
040 _aDNLM/DLC
_beng
_erda
_cDLC
042 _apcc
049 _aYYEA
080 _a616
_bB-56
096 _aWB 205 B583b 2017
100 1 _aBickley, Lynn S.
245 1 0 _aBates' guide to physical examination and history taking /
_cLynn S. Bickley, Peter G. Szilagyi ; guest editor, Richard M. Hoffman.
246 3 _aGuide to physical examination and history taking.
246 3 0 _aPhysical examination and history taking.
250 _aSecond South Asian Edition
260 _aPhiladelphia :
_bWolters Kluwer,
_c[2017]
300 _axxviii, 862 p. :
_bill. (chiefly color) ;
504 _aIncludes bibliographical references and index.
505 0 _aFoundations for clinical proficiency -- Evaluating clinical evidence -- Interviewing and the health history -- Beginning the physical examination : general survey, vital signs, and pain -- Behavior and mental status -- The skin, hair, and nails -- The head and neck -- The thorax and lungs -- The cardiovascular system -- The breasts and axillae -- The abdomen -- The peripheral vascular system -- Male genitalia and hernias -- Female genitalia -- The anus, rectum, and prostate -- The musculoskeletal system -- The nervous system -- Assessing children : infancy through adolescence -- The pregnant woman -- The older adult.
520 _aBates' Guide to Physical Examination and History Taking is designed for medical, physician assistant, nurse practitioner, and other students who are learning to interview patients, perform their physical examination, and apply clinical reasoning and shared decision making to their assessment and plan, based on a sound understanding of clinical evidence. The twelfth edition has many new features to facilitate student learning. As with previous editions, these changes spring from three sources: the feedback and reviews of students, teachers, and faculty; our commitment to making the book easier to read and more efficient to use; and the abundant new evidence that supports the techniques of examination, interviewing, and health promotion. Throughout the twelfth edition, we emphasize common or important problems rather than the rare or esoteric, though at times we include unusual findings that are classic or life threatening. We encourage students to study the strong evidence base that informs each chapter and to carefully review the clinical guidelines and citations from the health care literature. -- Provided by publisher.
590 _a10073425 Amazon 2/13/2020 $87.96.
650 1 2 _aPhysical Examination
_xmethods.
650 2 2 _aMedical History Taking
_xmethods.
653 _aდიაგნოსტიკა
653 _aპაციენტის ისტორიის შეკრება
700 1 _aSzilagyi, Peter G.
700 1 _aHoffman, Richard M.
942 _2udc
_cBK
_e12
999 _c2270
_d2270